00396nam a2200121Ia 4500082002000000245006600020260004200086300001300128504003600141650005500177700002000232700002200252 aRR 346.048 INT- 0aInternational encyclopaedia of intellectual property treaties aOxfordbOxford University Pressc2004 axx, 1353 aincludes bibliography and index aIntellectual property (International law)vSources aIlardi, Alfredo aBlakeney, Michael